Music Quiz

Random Music Quiz

The Room Where it Happens Lyrics Part 1 (from Hamilton) Quiz Stats

Quiz not verified by Sporcle

Challenge
Share
Tweet
Embed
Score 0/295 Timer 10:00
0 Plays Today
Answer % Correct
Burr: And
99.1%
Burr: The
99.1%
the
98.9%
The
98.9%
a
98.9%
a
98.9%
the
98.9%
and
98.9%
the
98.9%
the
98.9%
and
98.9%
a
98.9%
a
98.9%
a
98.9%
The
98.9%
the
98.9%
And
98.9%
the
98.9%
The
98.9%
The
98.9%
The
98.9%
The
98.9%
The
98.9%
The
98.9%
the
98.9%
the
98.9%
the
98.9%
the
98.9%
the
98.9%
n'
98.9%
Jefferson: And
98.9%
the
98.9%
and
98.9%
98.9%
he
94.8%
he
94.8%
he
94.8%
he
94.8%
Burr: You
93.9%
you
93.9%
you.
93.9%
you
93.9%
Hamilton: No
93.4%
No
93.4%
No
93.4%
No
93.4%
no
93.4%
Burr,
93.2%
Hamilton: Ha
93.2%
Burr: Ha
93.2%
Burr,
93.2%
Hamilton: I
92.8%
Jefferson: I
92.8%
'I
92.8%
it
92.6%
it
92.6%
it
92.6%
it
92.6%
it
92.6%
it
92.6%
it
92.6%
it
92.6%
it
92.6%
it
92.6%
it
92.6%
go
91.9%
im'
90%
to
89.5%
was
89.5%
to
89.5%
to
89.5%
to
89.5%
was
89.5%
was
89.5%
was
89.5%
to
89.5%
to
89.5%
to
89.5%
do
89.3%
Hamilton: Do
89.3%
know
89.1%
room
89.1%
room
89.1%
room
89.1%
room
89.1%
room
89.1%
room
89.1%
room
89.1%
room
89.1%
know
89.1%
hear
88.9%
hear
88.9%
Sir
88.4%
in
87.8%
in
87.8%
in
87.8%
in
87.8%
Burr: We
87.6%
on
87.6%
Answer % Correct
where
87.6%
where
87.6%
where
87.6%
where
87.6%
where
87.6%
where
87.6%
We
87.6%
where
87.6%
on
87.6%
me
87.6%
is
86.9%
is
86.9%
is
86.9%
Burr: They
85.8%
Burr: They
85.8%
that
85.8%
how
85.8%
how
85.8%
that
85.8%
happens.
85.8%
happens.
85.8%
what
85.6%
an
85.2%
get
84.9%
I'm
84.9%
get
84.9%
Hamilton: I'm
84.9%
less
84.5%
less.
84.5%
General
84.3%
de
83.6%
all
83.4%
him.
83%
had
82.8%
Burr: Two
82.8%
are
82.5%
are
82.5%
one
82.5%
one
82.5%
one
82.5%
one
82.5%
one
82.5%
about
82.3%
more.
82.3%
plan
82.1%
plan
82.1%
Burr: But--
82.1%
But
82.1%
but
82.1%
die.
81.9%
Hamilton: Talk
81.9%
Smile
81.7%
have
81.4%
my
81.4%
immigrant
81.4%
immigrant
81.4%
happened.
81.4%
happened.
81.4%
happened
81.4%
happened
81.4%
happened
81.4%
happened.
81.4%
Mister
81.2%
Hamilton: Mister
81.2%
Virginians
81.2%
Virginians
81.2%
give
81%
Congress
81%
Madison
81%
Madison
81%
Street?
80.8%
try.
80.8%
walk
80.8%
foes.
80.8%
news
80.6%
after
80.6%
over
80.6%
into
80.6%
takes
80.3%
legacy
80.1%
whatever
79.9%
else
79.9%
else
79.9%
else
79.9%
else
79.9%
floor.
79.7%
good
79.3%
old
79.3%
happening
79.3%
dinner.
79.3%
Jefferson
79%
hate
79%
opposed
79%
hate
79%
Madison: Hamilton!
78.4%
work,
77.7%
lot
76.9%
listen
76.9%
sin,
76%
Answer % Correct
sinner.
75.8%
Hamilton: That's
75.5%
your
75.5%
Burr: Really
75.5%
doors
75.5%
really
75.5%
renamed
74.9%
love
74.9%
gotta
74.9%
Hamilton: decisions
74.7%
Secretary
74.5%
made.
74.2%
Mercer?
74%
Mercer
74%
gonna
74%
gonna
74%
Hamilton: Well,
73.6%
Burr and Ensemble: Diametric’ly
73.4%
sorry
73.1%
with
72.9%
with
72.9%
with
72.9%
Jefferson: Alexander
72.9%
Jefferson: Alexander
72.9%
fin'ly
72.7%
closed
72.7%
through?
72.3%
sausage
72.3%
guess
72.1%
knows
72.1%
secure
71.6%
were
71.6%
just
71.4%
debt
71.2%
Hamilton: Yeah
71%
game
70.7%
Burr and Ensemble: previously
70.5%
capital.
70.5%
emerge
70.1%
emerge
70.1%
gets
70.1%
assume
70.1%
merciless.
69.7%
played,
69%
say.'
69%
Hamilton: I've
68.8%
oughta
68.3%
I've
68.3%
Ensemble: Bros
68.3%
Burr and Company: Thomas
67.9%
Burr and Company: Thomas
67.9%
Burr and Company: Thomas
67.9%
Burr: Now
67.5%
Burr: Now
67.5%
Burr: Ah
67.2%
claims-
66.6%
claims-
66.6%
claims-
66.6%
has
66.4%
here's
65.5%
of
65.5%
nation's
64.8%
let's
64.6%
doorstep
64.4%
can
62.7%
financial
62%
power,
62%
day,
61.4%
compromise,
61.1%
emerges
60.7%
résistance:
60.3%
art
60.3%
said-
60%
said-
60%
begged
59.2%
wants.
58.7%
opened
58.5%
Washington's
58.5%
trade,
58.1%
system
57.9%
shape
57.6%
Hamilton: Sure
57.4%
however
57.2%
pièce
57%
turn!
56.1%
join
55.5%
having
55.2%
disarray.
54.4%
Burr: Didja
53.5%
distress
52.4%
basically
52.4%
nowhere
52.2%
how're
51.7%
fray.
49.6%
unprecedented
47.8%
Claremont
42.4%
approached
37.1%

You're not logged in!

Compare scores with friends on all Sporcle quizzes.
Join for Free
OR
Log In

You Might Also Like...

Show Comments

Extras

Created Jan 23, 2017SourceReportNominate
Tags:hamilton

Top Quizzes Today


Score Distribution

Your Account Isn't Verified!

In order to create a playlist on Sporcle, you need to verify the email address you used during registration. Go to your Sporcle Settings to finish the process.

Report this User

Report this user for behavior that violates our Community Guidelines.

Details: